000 00414nam a2200121Ia 4500
008 220616s9999||||xx |||||||||||||| ||und||
245 0 _aHeat Transfer
_bMathematical Modelling, Numerical Methods and Information Technology
546 _aEnglish[eng]
650 _aPhysical chemistry
700 _aBelmiloudi, Aziz
856 _uhttps://mts.intechopen.com/storage/books/36/authors_book/authors_book.pdf
942 _cEB
999 _c19256
_d19256